01424nam a2200337 a 4500001001200000003000800012006001900020007001500039008004100054020001800095020002500113020002500138040002100163035002100184050002500205082002000230100002900250245018600279260003600465300005800501490002500559500002000584533015200604588009600756650001900852650002600871655002900897710001700926856012600943999001701069ebr10731783CaPaEBRm o u cr cn|||||||||150303s2013 njua s 001 0 eng d z9781118544525 z9781118652008 (ePDF) z9781118651919 (ePub) aCaPaEBRcCaPaEBR a(OCoLC)82872459514aHG6042b.L569 2013eb04a332.63/20422231 aLloyd, Thomas K.,d1937-10aSuccessful stock signals for traders and portfolio managersh[electronic resource] :bintegrating technical analysis with fundamentals to improve performance /cThomas K. Lloyd, Sr. aHoboken, N.J. :bWiley,cc2013. a1 online resource (xxi, 346 p.) :bcol. ill., graphs.0 aWiley trading series aIncludes index. aElectronic reproduction.bPalo Alto, Calif. :cebrary,d2015.nAvailable via World Wide Web.nAccess may be limited to ebrary affiliated libraries. aDescription based on online resource; title from title page (ebrary, viewed July 23, 2013). 0aStock options. 0aPortfolio management. 7aElectronic books.2local2 aebrary, Inc.40uhttp://site.ebrary.com/lib/rucke/Doc?id=10731783zAn electronic book accessible through the World Wide Web; click to view c36255d36255